Quiz bête comme une oie : 8 mots dans mots : (mort subite) - Statistiques

Statistiques générales
  • Ce quiz a été pris 84 fois
  • Le résultat moyen est 6 sur 8
Answers on the Grid
Answers color-coded by a green-red scale on the quiz's grid according to % correct below.
Ab---ment
Per---ent
Plo---er
S---rie
La---yer
Côt---ment
Chat---ment
Ullt---tum
Apit---ment
Bri---ier
Env---s
Bi---terie
Dépl---ment
Dé---gera
Déli---ement
Nett---ra
 
Statistiques - réponses
Réponse % Correct
Ab---ment
97%
Dépl---ment
87%
Apit---ment
83%
Côt---ment
83%
Env---s
83%
Nett---ra
83%
Chat---ment
67%
S---rie
60%
Aucun quiz correspondant
Distribution des résultats
% des personnes avec chaque résultat
Percentile par nombre de réponses
Votre historique - résultats
Vous n’avez pas pris ce quiz